| 000 | 00861nam a22002897a 4500 | ||
|---|---|---|---|
| 001 | BR9802664 | ||
| 003 | BR-BrBNA | ||
| 005 | 20230928095929.0 | ||
| 007 | ta | ||
| 008 | 230509b bl.||||| |||| 00| 0 por d | ||
| 040 |
_aBR-BrBNA _bpor _cBiblioteca Nacional de Agricultura |
||
| 041 | _a(Por) | ||
| 072 |
_aL10; L53 _b5300 |
||
| 090 | _ 5300 BR9802664 | ||
| 110 | 1 | _aServico Nacional de Aprendizagem Rural, Curitiba, PR (Brasil). Administracao Regional do Estado do Parana | |
| 245 | 1 | _aTrabalhador na criacao de suinos: selecao de reprodutores suinos machos e femeas | |
| 260 | 3 |
_aCuritiba, PR (Brasil): _c1996. |
|
| 300 | _a56 p. | ||
| 500 | _a92 illus. | ||
| 650 | _aSuino | ||
| 650 | _aReproducao Animal | ||
| 650 | _aGenetica Animal | ||
| 650 | _aCriacao | ||
| 650 | _aCisticercose | ||
| 909 |
_a202309 _bLucia _c55 _dLucia Elande |
||
| 942 | _cBK | ||
| 999 |
_c59467 _d59467 |
||